01219nam a2200337 i 4500003000900000005001700009008004100026040004300067041000800110082002300118092000700141099003700148100004300185245005200228250002400280264002800304300002400332336002400356337002800380338004300408490002800451504004000479546002400519650003800543651001000581856005700591905001600648942001900664999001700683952018100700EG-GICUC20260121101446.0251209s1971 fr ||||fr|||||||| | fre d aEG-GiCUCbfrecEG-GiCUCdEG-GiCUCeRda afre04221a341.1bRO . D 04221 aLaw1 11 341.1 RO . D 6 ed - 19711 aRousseau, Charles,d1902-1993,eAuteur10aDroit international public /cCharles Rousseau. aSixième édition 1aParis :bDalloz,c1971. a415 pages ;c18 cm. 2rda contenua texte 2rda mediasaOrdinateur 2 transporteur rdaa Ressource en ligne0 aPrécis Dalloz. Droit. aIncludes bibliographical references aTexte en français14aDroit international public2qrmak1 2qrmak40uhttps://fll.law.cu.edu.eg/fulltext/bks/B11-05608.pdf a75eHassnaa 2ddcn0cBKe21 c49444d49444 00102ddc40718القانون الدولي العامaCUbLAW1d2025-12-09l0oLaw1 11 341.1 RO . D 6 ed - 1971 1104508 C1pB11-05608r2025-12-09 20:08:30t1w2025-12-09yBK